| 000 | 00574nam a2200169 4500 | ||
|---|---|---|---|
| 008 | 0 1994 0a 000 0USA | ||
| 020 | _a0-07-038995-0 | ||
| 050 | _aQA76 L933 | ||
| 082 | _a001.61 L265i | ||
| 100 | _aLucas, Henry C. Jr. | ||
| 245 | _aInformation Systems Concepts for Management / Henry C. Lucas Jr. | ||
| 250 | _a5 | ||
| 260 | _aUnited States of America: McGraw-Hill | ||
| 300 | _axii, 660 p. / 23.5 cm. | ||
| 500 | _aIncluye contents, preface, glosary e index | ||
| 650 | _a1. INFORMACION-SISTEMAS DE ALMACENAMIENTO Y RECUPERACION-ADMINISTRACION | ||
| 999 |
_c11843 _d11843 |
||